00687nam a22002057a 4500003000900000008004100009020001800050040007100068082002000139100002300159245005500182260003200237300005000269500002900319650003000348650003100378650001700409650002900426650002600455AR-CdUCM190319b ||||| |||| 00| 0 spa d a9786123045630 aMUNICIPALIDAD PROVINCIAL DEL CUSCOcBIBLIOTECA MUNICIPAL DEL CUSCO a519.53/Q39bQ39 aQuezada Lucio, Nel aEstadística para ingenieros /cNel Quezada Lucio aLima :bEdit. Macro,c2019. a291, [2] páginas. :bil., diagrs. ;c25 cm. zBibliografía: p. [293] aEstadística descriptiva aEstadística matemática aIngeniería aMétodos estadísticos aEstudio y enseñanza